000 00220nam a2200097Ia 4500
008 190216s9999||||xx |||||||||||||| ||und||
100 _aKushwat Singh
245 2 _aA Train To Pakisthan
260 _bPearl Pub
942 _cBK
999 _c12120
_d12120